Oil refineries in the 21st century (Record no. 355880)
[ view plain ]
| 000 -LEADER | |
|---|---|
| fixed length control field | 00552nam a22001457a 4500 |
| 008 - FIXED-LENGTH DATA ELEMENTS--GENERAL INFORMATION | |
| fixed length control field | 151231b xxu||||| |||| 00| 0 eng d |
| 020 ## - INTERNATIONAL STANDARD BOOK NUMBER | |
| International Standard Book Number | 9783527311941 |
| 082 ## - DEWEY DECIMAL CLASSIFICATION NUMBER | |
| Edition number | 23 |
| Classification number | 338.476655 |
| Author Mark | OCI-O 2005 |
| 100 ## - MAIN ENTRY--PERSONAL NAME | |
| Personal name | Ozren Ocic |
| 245 ## - TITLE STATEMENT | |
| Title | Oil refineries in the 21st century |
| Remainder of title | energy efficient, cost effective, environmentally benign |
| Statement of responsibility, etc. | Ocic, Ozren. |
| 260 ## - PUBLICATION, DISTRIBUTION, ETC. | |
| Place of publication, distribution, etc. | Weinheim: |
| Name of publisher, distributor, etc. | Wiley, |
| Date of publication, distribution, etc. | 2005. |
| 300 ## - PHYSICAL DESCRIPTION | |
| Extent | x. p.156, |
| Other physical details | ill. |
| Dimensions | 24cm. |
| 650 ## - SUBJECT ADDED ENTRY--TOPICAL TERM | |
| Topical term or geographic name entry element | Petroleum industry and trade--Economic aspects |
| General subdivision | Petroleum industry and trade--Energy conservation |
| 942 ## - ADDED ENTRY ELEMENTS (KOHA) | |
| Source of classification or shelving scheme | |
| Koha item type | Book |
| Withdrawn status | Lost status | Source of classification or shelving scheme | Damaged status | Not for loan | Collection code | Permanent Location | Current Location | Shelving location | Date acquired | Source of acquisition | Cost, normal purchase price | Total Checkouts | Full call number | Barcode | Date last seen | Price effective from | Koha item type |
|---|---|---|---|---|---|---|---|---|---|---|---|---|---|---|---|---|---|
| US-Pakistan Center for Advanced Studies in Energy (USPCAS-E) | US-Pakistan Center for Advanced Studies in Energy (USPCAS-E) | 12/31/2015 | Iqra | 11404.00 | 338.476655 OCI-O 2005 | CAS-E0001144 | 12/31/2015 | 12/31/2015 | Book |
